00325 2200145 4500245003600000020001800036250001000054100001400064650001000078005001900088260003800107041001400145084001100159336000900170 aCinta Itu LukacRevina VThText a9786237191087 acet 1 aRevina VT aNovel a20240903094717 aJakarta SelatanbMoka Mediac2020 aIndonesia a808.83 atext